| 000 | 00994nam a2200289 c 4500 | ||
|---|---|---|---|
| 001 | a57148 | ||
| 003 | DO-SdBNP | ||
| 005 | 20230328125925.0 | ||
| 008 | 151118s2009 sp a | |||| 000 1 spa | ||
| 020 | _a9789707310858 | ||
| 040 |
_aBPMSU _bspa _cBPMSU |
||
| 082 | 4 |
_a862.33 _bM722b 2008 _222 |
|
| 100 | 1 |
_aMolina, Tirso de _d1579-1648 _4 |
|
| 245 | 1 | 3 |
_a El burlador de Sevilla, Don Juan Tenorio / _cTirso de Molina, José Zorrilla. |
| 246 | 1 | 3 | _aDon Juan Tenorio |
| 250 | _a Edición anotada y comentada | ||
| 260 |
_aMéxico : _bSuma de Letra, _c2008 |
||
| 300 |
_a520 p.: _bil. ; _c22 cm |
||
| 490 | 0 |
_aPunto de lectura _v300/5 |
|
| 563 | _aDos obras encuadernadas juntas con paginación continua | ||
| 590 | _6Inventariado, 2023/VM | ||
| 650 | 4 | _aTeatro español | |
| 700 | 1 |
_aMolina, Tirso de _d1579-1648 _tEl burlador de Sevilla |
|
| 700 | 1 |
_aZorrilla y Moral, José, _d1817-1893. _t Don Juan Tenorio. |
|
| 910 | _aVMateo V. Control de calidad (BPMSU) | ||
| 942 |
_2ddc _cBK |
||
| 999 |
_c10500 _d10500 |
||